000 00843nam a2200253Ia 4500
003 OSt
005 20220926021516.0
006 a|||||r|||| 00| 0
007 ta
008 220923b |||||||| |||| 00| 0 eng d
037 _cGeneral Book
040 _aRTL
_cRTL
_beng
041 _2eng
_aeng
082 _aX9(JB):77.5.P, P2
110 _aUnited Naitons Economic Commission for Europe
_9326311
245 0 _aForecasts of the economic growth in OECD countries
260 _aNew York
_bUnited Naitons USA
_c2002
300 _a52p.
_ccm.
490 _aGeneva Timber and Forest Discussion papers 24. Food and Agriculture Organization
650 _aForesty Industry
_9234308
700 _aUnited Naitons Economic Commission for Europe
_9326312
942 _hX9(JB):77.5.P, P2
_cGB
_2CC
999 _c636967
_d636967